000 00411 a2200109 4500
001 ART_17976
005 20260410161656.0
008 260409a
245 1 0 _aLa responsabilidad del Estado por el ejercicio ilegítimo de sus facultades de fiscalización y verificación en materia tributaria
100 1 _aODonnell, Agustina
773 0 _tPráctica profesional
_g- Nº 119 (jun. 2010)
_wREV542
999 _c14715
_d14715